[Event "SRB-chT 2nd League"]
[Site "Novi Sad"]
[Date "2023.11.06"]
[Round "6.5"]
[White "Pavkov, Nebojsa"]
[Black "Rosic, Slavko S"]
[Result "1/2-1/2"]
[WhiteElo "2199"]
[BlackElo "2207"]
[PlyCount "150"]
[EventDate "2023.11.02"]
[EventType "team-tourn"]
[EventRounds "11"]
[EventCountry "SRB"]
[SourceTitle "CB46_2023"]
[SourceDate "2023.11.15"]
[SourceVersion "1"]
[SourceVersionDate "2023.11.15"]
[SourceQuality "1"]
[WhiteTeam "Gajdobra Hercegovac"]
[BlackTeam "Stara Pazova"]
[WhiteTeamCountry "SRB"]
[BlackTeamCountry "SRB"]

1. Nf3 Nf6 2. g3 b6 3. d3 d5 4. Bg2 Bb7 5. 0-0 c5 6. Nbd2 Nbd7 7. Re1 Qc7 8. e4 dxe4 9. dxe4 e5 10. Nh4 g6 11. Nc4 b5 12. Ne3 Bg7 13. c4 a6 14. g4 h6 15. Nd5 Nxd5 16. cxd5 c4 17. Be3 Bf8 18. Bf1 Be7 19. Ng2 Nf6 20. f3 Nd7 21. a4 h5 22. gxh5 Rxh5 23. axb5 axb5 24. Rxa8+ Bxa8 25. Qa1 Bb7 26. b3 Rh3 27. bxc4 bxc4 28. Rc1 Rxf3 29. Rxc4 Qd6 30. Be2 Rxe3 31. Nxe3 Qb6 32. Qc3 Bg5 33. Kf2 Kf8 34. Qb4+ Qxb4 35. Rxb4 Nc5 36. Bb5 Be7 37. Rc4 Bd6 38. Kf3 f5 39. exf5 gxf5 40. Bc6 e4+ 41. Kg2 Bc8 42. Rc2 f4 43. Nc4 f3+ 44. Kh1 Ke7 45. Nd2 Bh3 46. Kg1 Bf4 47. Nxe4 Be3+ 48. Nf2 Kd6 49. Rc3 Bxf2+ 50. Kxf2 Ne4+ 51. Kxf3 Nxc3 52. Kg3 Bf5 53. Kf4 Bh3 54. Kg3 Bf1 55. h4 Ke5 56. Kg4 Be2+ 57. Kg5 Ne4+ 58. Kg6 Nf6 59. Kg5 Nh5 60. Be8 Nf6 61. Bf7 Ne4+ 62. Kg6 Bd3 63. h5 Nd6+ 64. Kg7 Nf5+ 65. Kg6 Nh4+ 66. Kg7 Nf5+ 67. Kg6 Ng3+ 68. Kg7 Kd6 69. h6 Nf5+ 70. Kg6 Ke7 71. Be6 Nxh6+ 72. Kxh6 Kd6 73. Kg5 Be4 74. Kf6 Bxd5 75. Bxd5 Kxd5 1/2-1/2

[Event "SRB-chT 2nd League"]
[Site "Vrnjacka Banja"]
[Date "2022.11.08"]
[Round "6.4"]
[White "Pavkov, Nebojsa"]
[Black "Gagic, Milan A"]
[Result "1/2-1/2"]
[WhiteElo "2166"]
[BlackElo "2129"]
[PlyCount "64"]
[EventDate "2022.11.04"]
[EventType "team-tourn"]
[EventRounds "11"]
[EventCountry "SRB"]
[SourceTitle "CBM 211 Extra"]
[Source "ChessBase"]
[SourceDate "2023.01.31"]
[SourceVersion "1"]
[SourceVersionDate "2023.01.31"]
[SourceQuality "1"]
[WhiteTeam "Gajdobra Hercegovac"]
[BlackTeam "Petrovaradin Kraljica"]
[WhiteTeamCountry "SRB"]
[BlackTeamCountry "SRB"]

1. Nf3 d5 2. b3 Nf6 3. Bb2 g6 4. c4 Bg7 5. cxd5 0-0 6. g3 b6 7. d3 Qxd5 8. Bg2 Bb7 9. Nh4 Qa5+ 10. Bc3 Qa6 11. Nf3 c5 12. Nbd2 Bc6 13. 0-0 Qb7 14. Nc4 Nbd7 15. Qc2 Rac8 16. Qb2 Nh5 17. b4 cxb4 18. Qxb4 Nc5 19. Bxg7 Nxg7 20. a4 Nxd3 21. exd3 Bxf3 22. Bxf3 Qxf3 23. Qxe7 Nf5 24. Qxa7 Nd4 25. h4 Qxd3 26. Nxb6 Rc2 27. Qb7 Ne2+ 28. Kg2 Nxg3 29. Rad1 Qb3 30. Rb1 Qd3 31. Rbd1 Qb3 32. Rb1 Qd3 1/2-1/2

[Event "SRB-chT 2nd League"]
[Site "Vrnjacka Banja"]
[Date "2022.11.05"]
[Round "2.2"]
[White "Kopasz, Robert"]
[Black "Pavkov, Nebojsa"]
[Result "1/2-1/2"]
[WhiteElo "2239"]
[BlackElo "2166"]
[PlyCount "69"]
[EventDate "2022.11.04"]
[EventType "team-tourn"]
[EventRounds "11"]
[EventCountry "SRB"]
[SourceTitle "CBM 211 Extra"]
[Source "ChessBase"]
[SourceDate "2023.01.31"]
[SourceVersion "1"]
[SourceVersionDate "2023.01.31"]
[SourceQuality "1"]
[WhiteTeam "Senta"]
[BlackTeam "Gajdobra Hercegovac"]
[WhiteTeamCountry "SRB"]
[BlackTeamCountry "SRB"]

1. e4 e5 2. Nf3 Nc6 3. Bb5 g6 4. c3 Bg7 5. d4 d6 6. dxe5 dxe5 7. Qxd8+ Kxd8 8. Bxc6 bxc6 9. Be3 f6 10. c4 Be6 11. b3 Nh6 12. h3 Nf7 13. Nc3 Bf8 14. 0-0-0+ Kc8 15. Na4 Ba3+ 16. Kc2 Nd6 17. Bc5 Bxc5 18. Nxc5 Re8 19. Rd2 Nb7 20. Nxb7 Kxb7 21. Ne1 c5 22. Nd3 Kb6 23. Rhd1 Rad8 24. Nc1 Rd4 25. f3 Kc6 26. Ne2 Rd6 27. Nc3 a6 28. Nd5 Bxd5 29. cxd5+ Kb6 30. Kc3 Red8 31. Kc4 c6 32. Rd3 R8d7 33. R1d2 Rd8 34. Rd1 R8d7 35. R1d2 1/2-1/2

[Event "Gligoric Cup 8th"]
[Site "Paracin"]
[Date "2022.06.02"]
[Round "4.3"]
[White "Maksimovic, Bojan"]
[Black "Pavkov, Nebojsa"]
[Result "1-0"]
[WhiteElo "2445"]
[BlackElo "2207"]
[PlyCount "72"]
[EventDate "2022.05.31"]
[EventType "team-swiss"]
[EventRounds "5"]
[EventCountry "SRB"]
[SourceTitle "CBM 208 Extra"]
[Source "ChessBase"]
[SourceDate "2022.07.31"]
[SourceVersion "1"]
[SourceVersionDate "2022.07.31"]
[SourceQuality "1"]
[WhiteTeam "Vreoci Turbina"]
[BlackTeam "Gajdobra Hercegovac"]
[WhiteTeamCountry "SRB"]
[BlackTeamCountry "SRB"]

1. d4 d6 2. Nf3 g6 3. c4 Bg7 4. Nc3 Nc6 5. d5 Nb8 6. e4 Nf6 7. h3 Nbd7 8. Bd3 Nc5 9. Bc2 0-0 10. Be3 a5 11. 0-0 Nfd7 12. Re1 Nb6 13. Bd4 Bxd4 14. Qxd4 f6 15. b3 Nbd7 16. Qd2 e5 17. dxe6 Nxe6 18. Rad1 Qe7 19. Nd5 Qg7 20. Nh2 Nb8 21. Ng4 Nc6 22. Qc3 Ne5 23. Nge3 Qh6 24. f4 Nxf4 25. Nxf4 Qxf4 26. Nd5 Qh4 27. Nxc7 f5 28. exf5 Bxf5 29. Bxf5 Rxf5 30. Rxe5 Qf2+ 31. Kh1 dxe5 32. Nxa8 g5 33. Qd2 Qg3 34. Qd3 Qf4 35. Nc7 g4 36. Nd5 Qg5 1-0

[Event "Gligoric Cup 8th"]
[Site "Paracin"]
[Date "2022.05.31"]
[Round "1.2"]
[White "Pavkov, Nebojsa"]
[Black "Bogosavljevic, Boban"]
[Result "0-1"]
[WhiteElo "2207"]
[BlackElo "2527"]
[PlyCount "111"]
[EventDate "2022.05.31"]
[EventType "team-swiss"]
[EventRounds "5"]
[EventCountry "SRB"]
[SourceTitle "CBM 208 Extra"]
[Source "ChessBase"]
[SourceDate "2022.07.31"]
[SourceVersion "1"]
[SourceVersionDate "2022.07.31"]
[SourceQuality "1"]
[WhiteTeam "Gajdobra Hercegovac"]
[BlackTeam "Goracici Jelica"]
[WhiteTeamCountry "SRB"]
[BlackTeamCountry "SRB"]

1. g3 e5 2. Bg2 d5 3. c4 d4 4. d3 Nc6 5. Nf3 Bb4+ 6. Nbd2 a5 7. 0-0 Nf6 8. Nh4 Be7 9. a3 0-0 10. Rb1 Re8 11. Ndf3 a4 12. b4 axb3 13. Rxb3 h6 14. Ne1 Nd7 15. Nf5 Nc5 16. Nxe7+ Qxe7 17. Rb5 e4 18. Bb2 Bf5 19. dxe4 Bxe4 20. Bxe4 Nxe4 21. Rxb7 Rad8 22. Rb5 Qe6 23. Qd3 Nd6 24. Rc5 Ne5 25. Qxd4 Ndxc4 26. Qc3 Nxb2 27. Qxb2 Nc4 28. Qb3 Nd2 29. Qxe6 Rxe6 30. e3 Rd7 31. Kg2 Nxf1 32. Kxf1 Rb6 33. Ke2 Rb2+ 34. Nc2 Kf8 35. Rc6 Ke7 36. h4 Kd8 37. Rc3 Rd6 38. Rc5 Kd7 39. Rc3 Rc6 40. Kd3 Rxc3+ 41. Kxc3 Rb1 42. Nb4 Ra1 43. Kb2 Rf1 44. Nd3 f5 45. Kc3 Kd6 46. Kc4 Ra1 47. Kb4 Kd5 48. Nf4+ Kd6 49. Nd3 g5 50. hxg5 hxg5 51. a4 Kd5 52. Nc5 g4 53. a5 Rxa5 54. Ne6 Kxe6 55. Kxa5 Ke5 56. Kb5 0-1

[Event "Vojvodina op 11th"]
[Site "Novi Sad"]
[Date "2021.07.28"]
[Round "5"]
[White "Pasti, Aron"]
[Black "Pavkov, Nebojsa"]
[Result "1-0"]
[WhiteElo "2318"]
[BlackElo "2185"]
[PlyCount "63"]
[EventDate "2021.07.25"]
[EventType "swiss"]
[EventRounds "9"]
[EventCountry "SRB"]
[SourceTitle "CBM 203 Extra"]
[Source "ChessBase"]
[SourceDate "2021.09.30"]
[SourceVersion "1"]
[SourceVersionDate "2021.09.30"]
[SourceQuality "1"]

1. e4 e5 2. Nf3 Nc6 3. Bb5 g6 4. c3 a6 5. Ba4 d6 6. d4 Bd7 7. Bg5 f6 8. Be3 Nh6 9. 0-0 Nf7 10. Re1 Bg7 11. Nbd2 0-0 12. Bb3 Kh8 13. Nf1 Qe8 14. a4 Ncd8 15. Qd2 Ne6 16. Ng3 Qe7 17. h3 c5 18. Bd5 Rab8 19. b4 cxd4 20. cxd4 Nf4 21. Bxf7 Rxf7 22. Bxf4 exf4 23. Qxf4 Qf8 24. Qd2 Bh6 25. Qd3 Rc8 26. e5 fxe5 27. dxe5 Bg7 28. Rad1 Bxa4 29. e6 Rxf3 30. e7 Qe8 31. Qxf3 Bxd1 32. Qxd1 1-0

[Event "Vojvodina op 11th"]
[Site "Novi Sad"]
[Date "2021.07.25"]
[Round "2"]
[White "Pavkov, Nebojsa"]
[Black "Manojlovic, Mihailo"]
[Result "1/2-1/2"]
[WhiteElo "2185"]
[BlackElo "2019"]
[PlyCount "87"]
[EventDate "2021.07.25"]
[EventType "swiss"]
[EventRounds "9"]
[EventCountry "SRB"]
[SourceTitle "CBM 203 Extra"]
[Source "ChessBase"]
[SourceDate "2021.09.30"]
[SourceVersion "1"]
[SourceVersionDate "2021.09.30"]
[SourceQuality "1"]

1. d4 Nf6 2. Nf3 g6 3. Nc3 d5 4. Bg5 Bg7 5. Qd2 c6 6. 0-0-0 b5 7. Bh6 Bxh6 8. Qxh6 Qa5 9. a3 b4 10. axb4 Qxb4 11. Ne5 Bf5 12. f3 Nbd7 13. g4 Be6 14. Nxc6 Qb6 15. Ne5 Rb8 16. b3 Rc8 17. Nxd7 Nxd7 18. Kb2 Qb4 19. Na2 Qb7 20. e4 Nf6 21. Bb5+ Bd7 22. Qg7 Rf8 23. Bxd7+ Qxd7 24. Rd3 a5 25. Rc3 a4 26. Ra1 axb3 27. cxb3 dxe4 28. Rxc8+ Qxc8 29. g5 Rg8 30. Qh6 Nh5 31. Qxh7 Rf8 32. fxe4 Qg4 33. Nb4 Qxe4 34. Nc2 Nf4 35. Qg7 Qf3 36. h4 Nd3+ 37. Kc3 Ne5+ 38. Kd2 Qf2+ 39. Kc1 Qf1+ 40. Kb2 Nd3+ 41. Kc3 Qf3 42. Ra7 Nc1+ 43. Kb2 Nd3+ 44. Kc3 1/2-1/2

[Event "Senta op 25th"]
[Site "Senta"]
[Date "2021.07.21"]
[Round "6"]
[White "Pavkov, Nebojsa"]
[Black "Orujov, Farid"]
[Result "1/2-1/2"]
[WhiteElo "2185"]
[BlackElo "2039"]
[PlyCount "72"]
[EventDate "2021.07.17"]
[EventType "swiss"]
[EventRounds "9"]
[EventCountry "SRB"]
[SourceTitle "EXT 2022"]
[Source "ChessBase"]
[SourceDate "2021.10.06"]
[SourceVersion "1"]
[SourceVersionDate "2021.10.06"]
[SourceQuality "1"]

1. d4 Nf6 2. c4 g6 3. f3 d5 4. cxd5 Nxd5 5. e4 Nb6 6. Nc3 Bg7 7. Be3 0-0 8. Qd2 Nc6 9. 0-0-0 f5 10. h4 fxe4 11. h5 gxh5 12. Rxh5 Bf5 13. Nxe4 Bxe4 14. fxe4 Nxd4 15. Bd3 Qe8 16. Rg5 Ne6 17. Rg3 Qc6+ 18. Kb1 Nc4 19. Qc3 Nxe3 20. Qxc6 bxc6 21. Rxe3 Nc5 22. Bc4+ Kh8 23. Nf3 Rab8 24. b3 Rf4 25. Kc2 Rg4 26. Re2 Nxe4 27. Rd7 Bf6 28. a3 a5 29. Be6 Rf4 30. Rxc7 Nc5 31. Rxc6 Nxe6 32. Rexe6 Rg4 33. Re2 Rbg8 34. Ne1 Bh4 35. Rce6 Bxe1 36. Rxe1 Rxg2+ 1/2-1/2

[Event "Vrnjacka Banja Gligoric Cup 6th"]
[Site "Vrnjacka Banja"]
[Date "2019.05.24"]
[Round "2.1"]
[White "Pavkov, Nebojsa"]
[Black "Petkovic, Radosav"]
[Result "0-1"]
[WhiteElo "2219"]
[BlackElo "2201"]
[PlyCount "92"]
[EventDate "2019.05.23"]
[EventType "team-swiss"]
[EventRounds "5"]
[EventCountry "SRB"]
[SourceTitle "CBM 190 Extra"]
[Source "ChessBase"]
[SourceDate "2019.07.15"]
[SourceVersion "1"]
[SourceVersionDate "2019.07.15"]
[SourceQuality "1"]
[WhiteTeam "Gajdobra Hercegovac"]
[BlackTeam "Srbobran"]
[WhiteTeamCountry "SRB"]
[BlackTeamCountry "SRB"]

1. d4 Nf6 2. c4 g6 3. Nc3 Bg7 4. e4 d6 5. f3 a6 6. Be3 Nc6 7. Nge2 Rb8 8. Qd2 h6 9. d5 Na5 10. Nc1 c5 11. a3 Qc7 12. Bd3 Nd7 13. f4 b5 14. cxb5 c4 15. b6 Nxb6 16. Bb1 Nd7 17. 0-0 Nc5 18. Ra2 Bd7 19. Bc2 Nab3 20. Qf2 Qa5 21. N1e2 Nd3 22. Bxd3 cxd3 23. Nd4 Nxd4 24. Bxd4 Bxd4 25. Qxd4 Qc5 26. Qf2 Bb5 27. Raa1 0-0 28. Rad1 Bc4 29. b4 Qxf2+ 30. Rxf2 e6 31. Rb2 Rfe8 32. Kf2 f5 33. dxe6 Rxe6 34. exf5 gxf5 35. Re1 Rxe1 36. Kxe1 d5 37. Kf2 d4 38. Nd1 Kf7 39. Rd2 Ke6 40. Ke1 Kd5 41. Rf2 a5 42. Rb2 a4 43. Rf2 Bb5 44. Nb2 Rc8 45. h3 h5 46. Nd1 h4 0-1

[Event "Vojvodina-chT"]
[Site "Novi Sad"]
[Date "2017.11.18"]
[Round "8.2"]
[White "Vujadinovic, Goran"]
[Black "Pavkov, Nebojsa"]
[Result "1-0"]
[WhiteElo "2322"]
[BlackElo "2229"]
[PlyCount "115"]
[EventDate "2017.11.13"]
[EventType "team-tourn"]
[EventRounds "11"]
[EventCountry "SRB"]
[SourceTitle "CBM 181 Extra"]
[Source "ChessBase"]
[SourceDate "2017.12.12"]
[SourceVersion "1"]
[SourceVersionDate "2017.12.12"]
[SourceQuality "1"]
[WhiteTeam "Stara Pazova"]
[BlackTeam "Gajdobra Hercegovac"]
[WhiteTeamCountry "SRB"]
[BlackTeamCountry "SRB"]

1. g3 e5 2. Bg2 d5 3. d3 c5 4. Nc3 Be6 5. e4 d4 6. Nce2 Nc6 7. f4 f6 8. Nh3 Qd7 9. Nf2 Nge7 10. c4 dxc3 11. bxc3 Nc8 12. Be3 Nb6 13. 0-0 Be7 14. a4 Na5 15. c4 Rb8 16. fxe5 fxe5 17. Nc3 0-0 18. Nd5 Nc6 19. a5 Na8 20. Qa4 Nc7 21. Rfb1 Na6 22. Rb5 Rbd8 23. Qb3 Ncb4 24. Nxe7+ Qxe7 25. Bxc5 Nxc5 26. Qxb4 b6 27. axb6 axb6 28. Qb2 Qg5 29. Qe2 Rd6 30. Rab1 Rxf2 31. Qxf2 Nxd3 32. h4 Qh6 33. Qf3 Bxc4 34. Rd5 Bxd5 35. exd5 Nc5 36. Ra1 Qf6 37. Ra8+ Kf7 38. Qh5+ g6 39. Qxh7+ Qg7 40. Ra7+ Rd7 41. Rxd7+ Nxd7 42. Qxg7+ Kxg7 43. Kf2 Kf7 44. Ke3 Ke7 45. Be4 Nf8 46. Kd3 Kf6 47. g4 Ke7 48. Kc4 Kd6 49. Kb5 Nd7 50. g5 Nc5 51. Bxg6 Kxd5 52. h5 e4 53. Bf7+ Kd6 54. h6 e3 55. Bc4 Ke7 56. h7 Ne4 57. h8Q Nd6+ 58. Kb4 1-0

[Event "Gligoric Cup 4th"]
[Site "Novi Banovci"]
[Date "2017.05.27"]
[Round "4.3"]
[White "Abramovic, Bosko"]
[Black "Pavkov, Nebojsa"]
[Result "1-0"]
[WhiteElo "2406"]
[BlackElo "2230"]
[PlyCount "53"]
[EventDate "2017.05.25"]
[EventType "team-swiss"]
[EventRounds "5"]
[EventCountry "SRB"]
[SourceTitle "CBM 178 Extra"]
[Source "ChessBase"]
[SourceDate "2017.06.22"]
[SourceVersion "1"]
[SourceVersionDate "2017.06.22"]
[SourceQuality "1"]
[WhiteTeam "Belgrade Crvena Zvezda"]
[BlackTeam "Gajdobra Hercegovac"]
[WhiteTeamCountry "SRB"]
[BlackTeamCountry "SRB"]

1. d4 Nf6 2. Nf3 e6 3. g3 Be7 4. c4 d5 5. Bg2 0-0 6. 0-0 b6 7. Nc3 Bb7 8. Ne5 h6 9. Bf4 Na6 10. Qa4 Qe8 11. Qxe8 Rfxe8 12. Rac1 c5 13. Rfd1 Red8 14. dxc5 bxc5 15. cxd5 exd5 16. Nc4 Ne4 17. Na5 Nxc3 18. bxc3 Rab8 19. Bxb8 Rxb8 20. Nxb7 Rxb7 21. Bxd5 Rb2 22. Bc4 Nb8 23. Rb1 Rxb1 24. Rxb1 Nc6 25. Rb7 Bd6 26. Bxf7+ Kh7 27. Bd5 1-0

[Event "Gligoric Cup 4th"]
[Site "Novi Banovci"]
[Date "2017.05.26"]
[Round "2.8"]
[White "Sekulic, Dusan"]
[Black "Pavkov, Nebojsa"]
[Result "0-1"]
[WhiteElo "2211"]
[BlackElo "2230"]
[PlyCount "78"]
[EventDate "2017.05.25"]
[EventType "team-swiss"]
[EventRounds "5"]
[EventCountry "SRB"]
[SourceTitle "CBM 178 Extra"]
[Source "ChessBase"]
[SourceDate "2017.06.22"]
[SourceVersion "1"]
[SourceVersionDate "2017.06.22"]
[SourceQuality "1"]
[WhiteTeam "Banovci Dunav"]
[BlackTeam "Gajdobra Hercegovac"]
[WhiteTeamCountry "SRB"]
[BlackTeamCountry "SRB"]

1. d4 d5 2. Nf3 e6 3. c4 Be7 4. e3 Nf6 5. Nbd2 c5 6. a3 0-0 7. dxc5 Bxc5 8. b4 Be7 9. Bb2 b6 10. Bd3 Bb7 11. 0-0 Nbd7 12. Qb3 Ne4 13. Rfd1 a5 14. Bxe4 dxe4 15. Nd4 axb4 16. axb4 Rxa1 17. Bxa1 Qb8 18. Qb1 Rc8 19. Nb5 Ne5 20. Nxe4 Nxc4 21. Ng3 Qa8 22. e4 Qa4 23. Rd7 Bxb4 24. Bc3 Bxc3 25. Rxb7 Bb4 26. Rc7 Rd8 27. Rxc4 Rd1+ 28. Qxd1 Qxd1+ 29. Nf1 Bc5 30. Nd4 h6 31. Nc2 Kf8 32. g3 Ke7 33. Kg2 Kd6 34. Nce3 Qd3 35. Kf3 b5 36. Rc1 Kc6 37. Rd1 Qc3 38. Ke2 f5 39. exf5 exf5 0-1

[Event "SRB-chT2 West CS"]
[Site "Serbia"]
[Date "2016.10.08"]
[Round "10.3"]
[White "Rikalovic, Milan"]
[Black "Pavkov, Nebojsa"]
[Result "0-1"]
[WhiteElo "2017"]
[BlackElo "2216"]
[PlyCount "48"]
[EventDate "2016.09.04"]
[EventType "team-tourn"]
[EventRounds "11"]
[EventCountry "SRB"]
[SourceTitle "EXT 2018"]
[Source "ChessBase"]
[SourceDate "2017.10.13"]
[SourceVersion "1"]
[SourceVersionDate "2017.10.13"]
[SourceQuality "1"]

1. e4 d6 2. f4 Nf6 3. Nc3 g6 4. Nf3 Bg7 5. d4 0-0 6. Bc4 Nxe4 7. Nxe4 d5 8. Ned2 dxc4 9. Nxc4 Qd5 10. Ne3 Qe4 11. g3 Bg4 12. 0-0 Bxf3 13. Qxf3 Qxf3 14. Rxf3 Bxd4 15. c3 Bb6 16. Kf1 e6 17. Nc4 Rd8 18. Ke2 Bc5 19. g4 Nc6 20. b4 Bxb4 21. cxb4 Nd4+ 22. Kf2 Nxf3 23. Kxf3 Rd4 24. Ne5 f6 0-1

[Event "SRB-chT2 West CS"]
[Site "Serbia"]
[Date "2016.10.07"]
[Round "7.6"]
[White "Pavkov, Nebojsa"]
[Black "Baralic, Milan"]
[Result "1-0"]
[WhiteElo "2216"]
[BlackElo "2158"]
[PlyCount "63"]
[EventDate "2016.09.04"]
[EventType "team-tourn"]
[EventRounds "11"]
[EventCountry "SRB"]
[SourceTitle "EXT 2018"]
[Source "ChessBase"]
[SourceDate "2017.10.13"]
[SourceVersion "1"]
[SourceVersionDate "2017.10.13"]
[SourceQuality "1"]

1. d4 Nf6 2. Bg5 d5 3. Nd2 Nbd7 4. Ngf3 e6 5. e4 dxe4 6. Nxe4 Be7 7. Nxf6+ Bxf6 8. Bxf6 Qxf6 9. Bd3 0-0 10. Qe2 c5 11. c3 cxd4 12. cxd4 Rd8 13. 0-0 Nb8 14. Be4 Nc6 15. Bxc6 bxc6 16. Rfc1 Bb7 17. Rc5 Rd5 18. h3 h6 19. Rxd5 cxd5 20. Qb5 Qe7 21. Rc1 Rc8 22. Rxc8+ Bxc8 23. Ne5 Kh7 24. Qc5 Qb7 25. b4 f6 26. Nc6 a6 27. a4 Bd7 28. b5 axb5 29. axb5 Qa8 30. Na7 Qb7 31. b6 Qa6 32. Qc7 1-0

[Event "SRB-chT2 West CS"]
[Site "Serbia"]
[Date "2016.10.06"]
[Round "6.1"]
[White "Gavrilovic, Leonardo"]
[Black "Pavkov, Nebojsa"]
[Result "0-1"]
[WhiteElo "2226"]
[BlackElo "2216"]
[PlyCount "76"]
[EventDate "2016.09.04"]
[EventType "team-tourn"]
[EventRounds "11"]
[EventCountry "SRB"]
[SourceTitle "EXT 2018"]
[Source "ChessBase"]
[SourceDate "2017.10.13"]
[SourceVersion "1"]
[SourceVersionDate "2017.10.13"]
[SourceQuality "1"]

1. Nf3 g6 2. e4 d6 3. d4 Bg7 4. h3 Nf6 5. Nc3 0-0 6. Be3 a6 7. Bd3 b5 8. a3 Bb7 9. 0-0 Nbd7 10. d5 c6 11. dxc6 Bxc6 12. Nd4 Bb7 13. Nb3 Rc8 14. f4 Nb6 15. Qe2 Nc4 16. Bxc4 Rxc4 17. Nd2 Rc8 18. Qf2 Nd7 19. Bd4 Bxd4 20. Qxd4 Qb6 21. Qf2 a5 22. Rac1 b4 23. axb4 axb4 24. Ne2 Rc7 25. c3 Rfc8 26. Qxb6 Nxb6 27. Ra1 Nc4 28. Nxc4 Rxc4 29. Ra7 R8c7 30. e5 dxe5 31. fxe5 Re4 32. Nd4 Rxe5 33. cxb4 Rd7 34. Nb3 Re2 35. Rb1 Rxg2+ 36. Kf1 Rh2 37. Nc5 Rdd2 38. Ke1 Rde2+ 0-1

[Event "SRB-chT2 West"]
[Site "Kragujevac"]
[Date "2015.09.04"]
[Round "1.1"]
[White "Pavkov, Nebojsa"]
[Black "Dikic, Veljko"]
[Result "1-0"]
[WhiteElo "2245"]
[BlackElo "1959"]
[PlyCount "67"]
[EventDate "2015.09.04"]
[EventType "team-tourn"]
[EventRounds "11"]
[EventCountry "SRB"]
[SourceTitle "EXT 2022"]
[Source "ChessBase"]
[SourceDate "2021.10.06"]
[SourceVersion "1"]
[SourceVersionDate "2021.10.06"]
[SourceQuality "1"]

1. e4 c5 2. Nf3 Nf6 3. d3 Nc6 4. g3 d5 5. Nbd2 e5 6. Bg2 Be7 7. 0-0 0-0 8. c3 Be6 9. Qe2 d4 10. Ng5 Bg4 11. f3 Bh5 12. Nh3 dxc3 13. bxc3 Qa5 14. Nc4 Qc7 15. Rb1 Nd7 16. g4 Bg6 17. Ne3 Rab8 18. f4 f6 19. Nd5 Qd8 20. f5 Bf7 21. Rf3 b5 22. Rg3 b4 23. c4 Nd4 24. Qd1 Bxd5 25. exd5 Qa5 26. Rb2 Nb6 27. Be4 Na4 28. Rbg2 h6 29. g5 fxg5 30. Bxg5 Nc3 31. Bxe7 Nxd1 32. Rxg7+ Kh8 33. f6 b3 34. Rh7# 1-0

[Event "Vojvodina-ch 6th"]
[Site "Novi Sad"]
[Date "2015.07.25"]
[Round "2"]
[White "Pavkov, Nebojsa"]
[Black "Dedebas, Emre Emin"]
[Result "1-0"]
[WhiteElo "2232"]
[BlackElo "2092"]
[PlyCount "155"]
[EventDate "2015.07.25"]
[EventType "swiss"]
[EventRounds "9"]
[EventCountry "YUG"]
[SourceTitle "CBM 167 Extra"]
[Source "ChessBase"]
[SourceDate "2015.09.14"]
[SourceVersion "1"]
[SourceVersionDate "2015.09.14"]
[SourceQuality "1"]

1. b3 d5 2. Bb2 Nf6 3. e3 g6 4. c4 c6 5. cxd5 cxd5 6. Bxf6 exf6 7. Ne2 Nc6 8. d4 Bb4+ 9. Nbc3 Qa5 10. Qc1 Ba3 11. Qd2 Bb4 12. a3 Bxa3 13. Nf4 Be6 14. Ncxd5 Bb4 15. Rxa5 Bxd2+ 16. Kxd2 Nxa5 17. Nc7+ Ke7 18. Nxa8 Rxa8 19. d5 Bd7 20. b4 Nb3+ 21. Kc3 Ba4 22. Bd3 Rc8+ 23. Kb2 f5 24. Bc2 Rc4 25. Bxb3 Rxb4 26. Ka3 Rxb3+ 27. Kxa4 Rb2 28. Rf1 Kd6 29. Ka3 Rd2 30. Kb3 g5 31. Kc3 Ra2 32. Nd3 Ra3+ 33. Kc2 Kxd5 34. Rb1 b6 35. Rb5+ Ke6 36. Re5+ Kf6 37. Re8 Ra2+ 38. Kd1 Ra1+ 39. Nc1 Ra5 40. Rb8 Rd5+ 41. Kc2 Rc5+ 42. Kd2 Ra5 43. Rb7 Ra3 44. Kc2 Ra4 45. Kb3 Ra1 46. Kb2 Ra4 47. Nb3 f4 48. Nd4 fxe3 49. fxe3 Rb4+ 50. Kc2 Ra4 51. Kd3 Ra2 52. Nc2 Kg6 53. h3 h5 54. Rc7 Ra5 55. Rc6+ f6 56. e4 Kf7 57. Nd4 Ra3+ 58. Rc3 Ra2 59. Rc7+ Kg6 60. g3 Ra3+ 61. Rc3 Ra2 62. Nf5 Kf7 63. Rc7+ Kg8 64. Rg7+ Kf8 65. Rh7 h4 66. Kd4 hxg3 67. Nxg3 Rd2+ 68. Kc4 a5 69. Rb7 Rb2 70. Kd5 Rg2 71. Nf5 Re2 72. Ke6 Rxe4+ 73. Kxf6 Kg8 74. Nh6+ Kf8 75. Nf5 Kg8 76. Rg7+ Kf8 77. Rf7+ Kg8 78. Ne7+ 1-0

[Event "SRB-ch U18"]
[Site "Vrbas"]
[Date "2015.04.13"]
[Round "7"]
[White "Pavkov, Nebojsa"]
[Black "Gajic, Aleksandar"]
[Result "0-1"]
[WhiteElo "2225"]
[BlackElo "1845"]
[PlyCount "74"]
[EventDate "2015.04.09"]
[EventType "swiss"]
[EventRounds "9"]
[EventCountry "SRB"]
[SourceTitle "EXT 2016"]
[Source "ChessBase"]
[SourceDate "2015.10.08"]
[SourceVersion "1"]
[SourceVersionDate "2015.10.08"]
[SourceQuality "1"]

1. e4 c5 2. d3 Nc6 3. g3 g6 4. Bg2 Bg7 5. Ne2 Nf6 6. f4 d6 7. c3 Bd7 8. h3 h5 9. Be3 Qc7 10. Nd2 e6 11. Qc2 Ne7 12. d4 cxd4 13. Nxd4 Bc6 14. 0-0-0 0-0-0 15. Rhe1 Kb8 16. N2b3 Rc8 17. e5 dxe5 18. fxe5 Nfd5 19. Nxc6+ Nxc6 20. Bxd5 exd5 21. Rxd5 Nb4 22. Qe4 Nxd5 23. Qxd5 Rhd8 24. Qc5 Qxc5 25. Bxc5 Bf8 26. Bd4 b6 27. Kc2 Rd7 28. Kd3 Kb7 29. Re2 Bh6 30. Ke4 Re8 31. Kf3 Bg5 32. h4 Bh6 33. g4 hxg4+ 34. Kxg4 f6 35. h5 gxh5+ 36. Kxh5 Bf4 37. e6 Rg7 0-1

[Event "SRB-ch U18"]
[Site "Vrbas"]
[Date "2015.04.11"]
[Round "4"]
[White "Dimic, Pavle"]
[Black "Pavkov, Nebojsa"]
[Result "0-1"]
[WhiteElo "2320"]
[BlackElo "2225"]
[PlyCount "118"]
[EventDate "2015.04.09"]
[EventType "swiss"]
[EventRounds "9"]
[EventCountry "SRB"]
[SourceTitle "EXT 2016"]
[Source "ChessBase"]
[SourceDate "2015.10.08"]
[SourceVersion "1"]
[SourceVersionDate "2015.10.08"]
[SourceQuality "1"]

1. d4 Nf6 2. Nf3 e6 3. c4 b6 4. a3 Bb7 5. Nc3 g6 6. Qd3 Bg7 7. e4 d5 8. cxd5 exd5 9. e5 Ne4 10. Qc2 0-0 11. Bd3 Nxc3 12. bxc3 c5 13. Bg5 Qd7 14. Qd2 Ba6 15. Bxa6 Nxa6 16. Bh6 Rae8 17. h4 f6 18. Bxg7 Qxg7 19. Kf1 fxe5 20. Nxe5 cxd4 21. cxd4 Nc5 22. Qa2 Rxe5 23. dxe5 Qxe5 24. Re1 Ne4 25. Rh3 Qd4 26. Rhe3 Rxf2+ 27. Qxf2 Nxf2 28. Kxf2 Qxh4+ 29. g3 Qd4 30. Kg2 Kg7 31. Re7+ Kf6 32. Rxa7 Qd2+ 33. Kf1 Qc3 34. Kf2 h5 35. Re3 Qc5 36. Ke2 d4 37. Rf3+ Kg5 38. Kd2 Kg4 39. Rd3 Kf5 40. Ra4 Ke4 41. Rb4 g5 42. Rb1 Qc4 43. Re1+ Kd5 44. Rc1 Qb5 45. Rc7 h4 46. gxh4 gxh4 47. Rc1 Qa5+ 48. Ke2 Ke4 49. Rb3 Qh5+ 50. Kd2 Qg5+ 51. Kc2 d3+ 52. Kb2 Qd2+ 53. Kb1 Qf2 54. Rb4+ Kf3 55. Rb3 Qd4 56. Rb4 Qf2 57. Rb3 Ke2 58. Rc6 d2 59. Re6+ Kf1 0-1